000 00290nam a2200133 4500
005 20250623140730.0
008 AV
050 _aBS413
_bBIB
245 _aTHE BIBLE IN OUTLINE
260 _aLONDON
_bSCRIPYURE UNION
_cc1985
300 _a286p
710 _aSCRIPTURE UNION
942 _2lcc
_cBK
_n0
999 _c6639
_d6639